000 00659nam a2200205Ia 4500
003 GCL
008 140319s9999 xx 000 0 ara d
040 _aGCL /
_cGCL
082 0 4 _a823.01
_bج م
100 1 _aرشاد رشدى
245 1 0 _aمختارات من القصص الانجليزية القصيرة /
_cرشاد رشدى
700 1 _aجميل الحسينى
490 _aالالف كتاب
_v0
650 0 4 _aالادب
650 0 4 _aالقصص الانجليزية
650 0 4 _aالادب العالمى
650 0 4 _aالادب الانجليزى المترجم
650 0 4 _aالادب العالمى المترجم
942 _2ddc
_cBK
999 _c49893
_d49893